Cơ sở văn hóa Việt Nam

Salvato in:
Dettagli Bibliografici
Autore principale: Trần Quốc Vượng
Natura: Libro
Lingua:Undetermined
Pubblicazione: Hà Nội Giáo dục 2001
Soggetti:
Tags: Aggiungi Tag
Nessun Tag, puoi essere il primo ad aggiungerne! !
Thư viện lưu trữ: Trung tâm Học liệu Trường Đại học Cần Thơ
LEADER 00493nam a2200181Ia 4500
001 CTU_93146
008 210402s9999 xx 000 0 und d
082 |a 306.0899592 
082 |b V561 
100 |a Trần Quốc Vượng 
245 0 |a Cơ sở văn hóa Việt Nam 
260 |a Hà Nội 
260 |b Giáo dục 
260 |c 2001 
650 |a Vietnam 
650 |x Civilization 
904 |i Trúc,Hải 
980 |a Trung tâm Học liệu Trường Đại học Cần Thơ